Emerging Technologies for Material, Design, Rehabilitation, and Inspection of Roadway Pavements /

Bibliographic Details
Other Authors: Chen, Dar-Hao, Chang, Jia-Ruey, Zaman, Musharraf, Zhao, Chaoyang, Yao, Zhanyong
Format: eBook
Published: Reston, VA : American Society of Civil Engineers, 2011.
Series:Geotechnical Special Publications.
Subjects:
Online Access:Connect to the full text of this electronic book

MARC

Tag First Indicator Second Indicator Subfields
LEADER 00000cam a22000005u 4500
001 in00002786898
005 20190331170702.0
006 m o d
007 cr nn 008mam|a
008 110516t2011 gw fo || 0 0 |||||
020 |a 9780784476291 
035 |a (American Society of Civil Eng)10.1061/9780784476291 
040 |d UtOrBLW 
245 0 0 |a Emerging Technologies for Material, Design, Rehabilitation, and Inspection of Roadway Pavements /  |c Edited by Dar-Hao Chen, Jia-Ruey Chang, Musharraf Zaman, Chaoyang Zhao, Zhanyong Yao. 
264 1 |a Reston, VA :  |b American Society of Civil Engineers,  |c 2011. 
300 |a 1 online resource. 
336 |a text  |b txt  |2 rdacontent 
337 |a computer  |b c  |2 rdamedia 
338 |a online resource  |b cr  |2 rdacarrier 
490 1 |a Geotechnical Special Publications 
500 |a Electronic resource. 
653 |a Proceedings  |a Geo-Institute (G-I)  |a Geotechnics  |a Geomaterials and geosynthetics  |a Pavements 
655 7 |a Electronic books.  |2 local 
700 1 |a Chen, Dar-Hao. 
700 1 |a Chang, Jia-Ruey. 
700 1 |a Zaman, Musharraf. 
700 1 |a Zhao, Chaoyang. 
700 1 |a Yao, Zhanyong. 
730 0 |a ASCE Library. 
830 0 |a Geotechnical Special Publications. 
856 4 0 |u http://proxy.library.tamu.edu/login?url=http://ascelibrary.org/action/showBook?doi=10.1061%2F9780784476291  |z Connect to the full text of this electronic book  |t 0 
999 |a MARS 
999 f f |s 7ffa5db7-2304-3a56-8567-fd56c8875b26  |i 7b75d8d4-8af3-33b4-8c56-49dd257cd9a2  |t 0 
952 f f |a Texas A&M University  |b College Station  |c Electronic Resources  |d Available Online  |t 0  |h No information provided 
998 f f |t 0  |l Available Online